00576cam a22002171a 4500001001300000003000400013005001700017008004100034010001700075035002000092040002500112042001200137050002600149082001000175100002700185245005200212260004600264300002000310500001100330999001700341ca 31000860 DLC20260227111126.0860129s1931 ohu 000 0 eng  aca 31000860  a(OCoLC)13079869 aDLCcOCoOdOCoOdDLC apremarc00aPS3503.A5442bG6 1931 a811.51 aBaker, Magdalena D. H.10aGleanings from life /cby Magdalena D.H. Baker. aCincinnati, Ohio :bM.D.H. Baker,cc1931. a40 p. ;c18 cm. aPoems. c16867d16867